Les plus jeunes buteurs de la Ligue des Champions - Statistiques

Statistiques générales
  • Ce quiz a été pris 106 fois
  • Le résultat moyen est 7 sur 25
Statistiques - réponses
Rang Âge Nationalité Match Joueur % Correct
2 17 ans et 68 jours Espagne AS Monaco 2 - 1 FC Barcelone (19/09/2024) Lamine Yamal
98%
25 18 ans et 63 jours France Manchester City 5 - 3 AS Monaco (21/02/2017) Kylian Mbappé
70%
15 17 ans et 330 jours Espagne FC Barcelone 5 - 1 Ferencvaros (20/10/2020) Pedri
61%
1 17 ans et 40 jours Espagne Inter Milan 1 - 2 FC Barcelone (10/12/2019) Ansu Fati
52%
11 17 ans et 280 jours France Borussia Dortmund 1 - 1 Paris SG (13/12/2023) Warren Zaïre-Emery
51%
22 18 ans et 58 jours Brésil Real Madrid 3 - 1 Stuttgart (17/09/2024) Endrick
42%
12 17 ans et 289 jours Angleterre Borussia Dortmund 1 - 2 Manchester City (14/04/2021) Jude Bellingham
42%
18 17 ans et 352 jours France Olympique Lyonnais 2 - 1 Rosenborg (06/12/2005) Karim Benzema
39%
20 17 ans et 363 jours Allemagne Lazio Rome 1 - 4 Bayern Munich (23/02/2021) Jamal Musiala
38%
7 17 ans et 217 jours Espagne Arsenal 5 - 1 Rosenborg (07/12/2004) Cesc Fàbregas
32%
13 17 ans et 300 jours Pays de Galles Fenebahce 2 - 5 Arsenal (21/10/2008) Aaron Ramsey
28%
17 17 ans et 346 jours Angleterre Manchester City 3 - 1 FC Séville (02/11/2022) Rico Lewis
21%
14 17 ans et 318 jours Angleterre Gérone 1 - 2 Arsenal (29/01/2025) Ethan Nwaneri
18%
10 17 ans et 263 jours Suisse FC Bâle 4 - 0 Ludogorets (04/11/2014) Breel Embolo
13%
3 17 ans et 119 jours Nigeria Royal Antwerp 3 - 2 FC Barcelone (13/12/2023) George Ilenikhena
13%
19 17 ans et 358 jours Suède FC Copenhague 4 - 3 Manchester United(08/11/2023) Roony Bardghji
10%
4 17 ans et 149 jours Norvège FC Porto 0 - 4 Club Brugge (13/09/2022) Antonio Nusa
9%
8 17 ans et 217 jours Espagne Schalke 04 0 - 1 FC Barcelone (01/04/2008) Bojan Krkić
9%
16 17 ans et 346 jours Espagne Royal Antwerp 3 - 2 FC Barcelone (13/12/2023) Marc Guiu
6%
6 17 ans et 215 jours Croatie Dinamo Zagreb 1 - 7 Olympique Lyonnais(07/12/2011) Mateo Kovačić
6%
21 18 ans et 44 jours Angleterre Arsenal 2 - 1 Olympiakos (28/09/2011) Alex Oxlade-Chamberlain
3%
24 18 ans et 61 jours Ghana Bayern Munich 2 - 2 Spartak Moscou (02/11/1994) Samuel Kuffour
1%
23 18 ans et 59 jours Bulgarie Levski Sofia 1 - 3 Chelsea (27/09/2006) Mariyan Ognyanov
0%
9 17 ans et 240 jours République Tchèque Panathinaikos 2 - 1 Sparta Prague (27/02/2002) Martin Klein
0%
5 17 ans et 194 jours Ghana Rosenborg 5 - 1 Olympiakos (01/10/1997) Peter Ofori-Quaye
0%
Aucun quiz correspondant
Distribution des résultats
% des personnes avec chaque résultat
Percentile par nombre de réponses
Votre historique - résultats
Vous n’avez pas pris ce quiz